000
002980000a22000970004500
100
1
_a
Rivera, Aradí
245
1
0
_a
¿Por qué los niños olvidan los versículos bíblicos que han memorizado?
300
_a
Vol. 50, Núm 218 (1995), Páginas 10-12
773
0
_t
La Biblia de las Américas
942
_c
ANA
999
_c
51384
_d
51384